000 00455nam a2200133Ia 4500
008 160809s9999 xx 000 0 und d
100 _aMbelli, Thierry Mbah.
245 4 _aThe Perceptions of Agile Methodology in South Africa
245 _cThierry Mbah Mbelli and Jainesh Jaintylal Hira.
260 _bComputer Science and Information Technology
260 _cJanuary 2016
650 _xINFORMATION TECHNOLOGY
856 _uhttp://airccse.org/V6N48.html
999 _c300048
_d300048